[Event "IND-ch U19"]
[Site "Ahmedabad"]
[Date "2023.09.21"]
[Round "2"]
[White "Aadithya, Pradeep"]
[Black "Harshad, S."]
[Result "1/2-1/2"]
[WhiteElo "1692"]
[BlackElo "2236"]
[PlyCount "60"]
[EventDate "2023.09.20"]
[EventType "swiss"]
[EventRounds "11"]
[EventCountry "IND"]
[SourceTitle "CBM 216 Extra"]
[Source "ChessBase"]
[SourceDate "2023.11.30"]
[SourceVersion "1"]
[SourceVersionDate "2023.11.30"]
[SourceQuality "1"]

1. e4 c5 2. Nf3 d6 3. Bb5+ Bd7 4. Bxd7+ Nxd7 5. 0-0 Ngf6 6. Re1 e6 7. d4 cxd4 8. Nxd4 Be7 9. c4 0-0 10. b3 a6 11. Nc3 Rc8 12. Bb2 Re8 13. Rc1 Nf8 14. h3 Ng6 15. Qe2 Qa5 16. a3 Nd7 17. g3 Bf6 18. Red1 Qb6 19. Na4 Qc7 20. h4 Nb6 21. Nxb6 Qxb6 22. b4 d5 23. h5 Nf8 24. c5 Qc7 25. Qg4 Nd7 26. f4 dxe4 27. Nb5 Qb8 28. Rxd7 Bxb2 29. Nd6 Bxc1 30. Nxf7 Bb2 1/2-1/2